00633nam a22001697a 450000500170000001000150001702000260003203500140005803700130007208200080008524501690009326000510026227000550031330000430036870000270041170000250043820221018141811.0 aENG-135478 a9789352584994c999.00 aEN-119010 bDBAD/PUB a920 aSir P.C. Ray: The Father of Chemistry Teacing and Research in India, a Philanthropist, and an Entrepreneur/cEdited by Sunil Kumar Talapatra and Biswapati Mukherjee aKolkatabIndian Science News Associationc2016 a92, Acharya Prafulla Chandra RoadbKolkatae700009 axii, 388p.bAcknowledgementsc28cm(hb) aTalapatra, Sunil Kumar aMukherjee, Biswapati